| Tag |
First Indicator |
Second Indicator |
Subfields |
| LEADER |
00000cam a2200000 4500 |
| 001 |
in00000080531 |
| 005 |
20151008052935.0 |
| 008 |
721120s1954 nyu 00000 eng u |
| 010 |
|
|
|a 52005451
|
| 035 |
|
|
|a (OCoLC)00499329
|
| 035 |
|
|
|9 AAH5542AM
|
| 040 |
|
|
|c WSU
|d TXA
|d UtOrBLW
|
| 049 |
|
|
|a TXAM
|c 2 [232463]
|
| 050 |
|
0 |
|a JK516
|b .H9
|
| 092 |
|
|
|a 353.03
|b H996a
|
| 100 |
1 |
|
|a Hyman, Sidney.
|
| 245 |
1 |
4 |
|a The American President.
|
| 250 |
|
|
|a [1st ed.].
|
| 264 |
|
1 |
|a New York :
|b Harper,
|c [1954]
|
| 300 |
|
|
|a 342 pages
|
| 336 |
|
|
|a text
|b txt
|2 rdacontent
|
| 337 |
|
|
|a unmediated
|b n
|2 rdamedia
|
| 338 |
|
|
|a volume
|b nc
|2 rdacarrier
|
| 650 |
|
0 |
|a Presidents
|z United States.
|
| 999 |
|
|
|a MARS
|
| 999 |
f |
f |
|s be067e02-4382-3027-acc6-951821f5b7aa
|i 54b22ea9-7dfe-3e62-bc21-15ace60fbd9c
|t 0
|
| 952 |
f |
f |
|p ric
|a Texas A&M University
|b Rellis Campus
|c Joint Library Facility
|d Remote Storage
|t 0
|e JK516 .H9
|h Library of Congress classification
|i unmediated -- volume
|m A14800799583
|
| 998 |
f |
f |
|a JK516 .H9
|t 0
|l Remote Storage
|